000 00626nam a2200229Ia 4500
003 OSt
005 20220928125130.0
006 a|||||r|||| 00| 0
007 ta
008 220927b |||||||| |||| 00| 0 eng d
024 _a47350
037 _cTextual
040 _aSDCL
_cSDCL
_beng
041 _2eng
_aeng
082 _aY:1.2'J, K1
100 _aKulasrestha Mahendra Ed.
245 0 _aAspects of Indian culture.
260 _aHoshiarpur
_bVihveshvaranand V. R. Institute
_c1961
300 _axvii,231p.
_ccm.
942 _hY:1.2'J, K1
_cTEXL
_2CC
999 _c780950
_d780950